| 000 | 00000nam##2200000za#4500 |
| 001 | 9.603007 |
| 003 | CaOODSP |
| 005 | 20240212134142 |
| 007 | cr ||||||||||| |
| 008 | 150406|2003||||xxc|||||o f|0| 0 fre|d |
| 040 | |aCaOODSP|bfre |
| 043 | |an-cn--- |
| 086 | 1 |aNE22-1/2003-8F-PDF |
| 110 | 1 |aCanada. |bOffice national de l'énergie. |
| 245 | 10|aMotifs de décision relativement à Pipelines Trans-Nord Inc. : |h[ressource électronique]|bdemande aux termes de l'article 58 datée du 26 juin 2003 |
| 246 | 1 |iTitre de renvoi : |aPipelines Trans-Nord Inc. |
| 260 | |aCalgary - Alberta : |bOffice national de l'énergie |cNovembre 2003. |
| 300 | |a25p.|bcarte |
| 490 | 1 |aMotifs de décision|vOHW-1-2003 |
| 500 | |aLe nº de catalogue (NE22-1/2003-8F) et l'ISBN (0-662-75079-9) de l'édition imprimée ont été incorrectement copiés dans cette édition électronique. |
| 590 | |a12-10-Supp|b2012-03-23 |
| 775 | 08|tReasons for decision in the matter of Trans-Northern Pipelines Inc. : |w(CaOODSP)9.572677 |
| 776 | 0#|tRelativement à Pipelines Trans-Nord Inc. : |w(CaOODSP)9.626373 |
| 830 | #0|aMotifs de décision (Canada. Office national de l'énergie)|vOHW-1-2003|w(CaOODSP)9.500899 |
| 856 | 40|ahttp://publications.gc.ca|qPDF|s1.25 Mo|uhttps://publications.gc.ca/collections/collection_2011/one-neb/NE22-1-2003-8-fra.pdf|yOHW-1-2003 |